00390nam a22001337a 450000500170000001000130001703500130003003700340004308200100007710000290008724500680011626000510018430000210023520181122160121.0 aB-158745 aB-158745 bA.P.H Publishing Corportation a371.3 a Siddiqui, Mujibul Hasan aTechniques of teaching strategies/cby Mujibul Hasan Siddiqui aNew DelhibA.P.H Publishing Corportationc2005 a313p.c22 cm(Hb)